Filosofía social / (Record no. 121693)

MARC details
000 -LEADER
campo de control de longitud fija 00558nam a2200181 4500
001 - NÚMERO DE CONTROL
campo de control 121693
003 - IDENTIFICADOR DE NÚMERO DE CONTROL
campo de control ES-MaACL
005 - FECHA Y HORA DE LA ÚLTIMA TRANSACCIÓN
campo de control 20230906191813.0
007 - CAMPO FIJO DE DESCRIPCIÓN FÍSICA--INFORMACIÓN GENERAL
campo de control de longitud fija t|
008 - DATOS DE LONGITUD FIJA--INFORMACIÓN GENERAL
campo de control de longitud fija 070214s1967 sp r ||||1| spa d
100 1# - ENTRADA PRINCIPAL--NOMBRE DE PERSONA
Nombre de persona Plattel, Martinus G.
9 (RLIN) 92609
245 10 - MENCIÓN DEL TÍTULO
Título Filosofía social /
Mención de responsabilidad, etc. Martinus G. Plattel ; tradujeron Antonio A. Martín y J. L. Rodríguez.
260 ## - PUBLICACIÓN, DISTRIBUCIÓN, ETC.
Lugar de publicación, distribución, etc. Salamanca :
Nombre del editor, distribuidor, etc. Sígueme,
Fecha de publicación, distribución, etc. 1967.
300 ## - DESCRIPCIÓN FÍSICA
Extensión 364 p. ;
Dimensiones 25 cm.
700 1# - ENTRADA AGREGADA--NOMBRE PERSONAL
Nombre de persona Martín, Antonio A.
9 (RLIN) 77269
700 1# - ENTRADA AGREGADA--NOMBRE PERSONAL
Nombre de persona Rodríguez, J. L.
9 (RLIN) 98253
852 ## - LOCALIZACIÓN
Ubicación ES-MaACL
Número de control de estantería C-33258
Sublocalización o colección R.63818
Holdings
Estatus retirado Estado de pérdida Estado de daño No para préstamo Biblioteca de origen Biblioteca actual Ubicación en estantería Fecha de adquisición Fuente de adquisición Total de préstamos Signatura topográfica completa Código de barras Visto por última vez Precio de reemplazo Tipo de ítem Koha
        Biblioteca del Ateneo de Madrid Biblioteca del Ateneo de Madrid Depósito 2 17/01/2008     C-33258 1126818 23/02/2023 23/02/2023 Libro impreso